Building sanitation : design and specification with special reference to country house problems
| Main Author: | |
|---|---|
| Format: | Book |
| Published: |
London :
Bungay ,
1953
|
| Subjects: |
MARC
| LEADER | 00000cam a2200000 7i4500 | ||
|---|---|---|---|
| 001 | 0000009360 | ||
| 005 | 20161228.0 | ||
| 040 | |a INS | ||
| 090 | 0 | 0 | |a TH6057.C6 |b E77 1953 |
| 100 | 0 | |a Escritt, L. B. | |
| 245 | 1 | 0 | |a Building sanitation : |b design and specification with special reference to country house problems |c L. B. Escritt |
| 260 | |a London : |b Bungay , |c 1953 | ||
| 300 | |a 167p ; |c 25cm. | ||
| 650 | 0 | 0 | |a Industrial hygiene |
| 650 | 0 | 0 | |a Sanitation |
| 999 | |a 0000023787 |b BOOK |c Open Shelf |e Default branch | ||